[Event "DEN-chT 0102"]
[Site "Denmark"]
[Date "2002.03.17"]
[Round "7.6"]
[White "Carstensen, Jacob"]
[Black "Sobjerg, Erik"]
[Result "0-1"]
[WhiteElo "2249"]
[BlackElo "2251"]
[PlyCount "44"]
[EventDate "2001.11.04"]
[EventType "team-tourn"]
[EventRounds "7"]
[EventCountry "DEN"]
[SourceTitle "EXT 2023"]
[Source "ChessBase"]
[SourceDate "2022.10.05"]
[SourceVersion "1"]
[SourceVersionDate "2022.10.05"]
[SourceQuality "1"]
[WhiteTeam "Bronshoj"]
[BlackTeam "Copenhagen 68"]
[WhiteTeamCountry "DEN"]
[BlackTeamCountry "DEN"]

1. d4 d5 2. g3 Bf5 3. Bg2 e6 4. Nf3 Be7 5. 0-0 Nd7 6. c4 c6 7. b3 Ngf6 8. Bb2 h5 9. Nbd2 Ne4 10. cxd5 exd5 11. Ne5 h4 12. Nxe4 Bxe4 13. f3 Nxe5 14. fxe4 Qb6 15. e3 hxg3 16. h3 dxe4 17. dxe5 Qxe3+ 18. Kh1 Rd8 19. Qg4 Rh4 20. Qxg7 Rd2 21. Rxf7 Rxh3+ 22. Bxh3 Rh2# 0-1

[Event "DEN-chT 0102"]
[Site "Denmark"]
[Date "2002.03.16"]
[Round "6.6"]
[White "Sobjerg, Erik"]
[Black "Hutters, Tomas"]
[Result "0-1"]
[WhiteElo "2251"]
[BlackElo "2390"]
[PlyCount "48"]
[EventDate "2001.11.04"]
[EventType "team-tourn"]
[EventRounds "7"]
[EventCountry "DEN"]
[SourceTitle "EXT 2023"]
[Source "ChessBase"]
[SourceDate "2022.10.05"]
[SourceVersion "1"]
[SourceVersionDate "2022.10.05"]
[SourceQuality "1"]
[WhiteTeam "Copenhagen 68"]
[BlackTeam "Helsinge"]
[WhiteTeamCountry "DEN"]
[BlackTeamCountry "DEN"]

1. e4 c5 2. Nc3 Nc6 3. Nf3 e5 4. Bc4 Be7 5. d3 Nf6 6. Ng5 0-0 7. f4 exf4 8. Bxf4 d5 9. exd5 Nb4 10. 0-0 h6 11. Nge4 Nfxd5 12. Qh5 Nxf4 13. Rxf4 Be6 14. Raf1 Bxc4 15. dxc4 f5 16. Rd1 Qc8 17. Nd6 Qe6 18. Nxf5 Bg5 19. Qg4 Nxc2 20. Ne4 Nd4 21. Nxc5 Qxc4 22. Rfxd4 Qxc5 23. Nxh6+ Bxh6 24. Qe6+ Kh8 0-1

[Event "DEN-chT 0102"]
[Site "Denmark"]
[Date "2002.02.03"]
[Round "5.6"]
[White "Andreasen, Per Naesby"]
[Black "Sobjerg, Erik"]
[Result "0-1"]
[WhiteElo "2274"]
[BlackElo "2251"]
[PlyCount "52"]
[EventDate "2001.11.04"]
[EventType "team-tourn"]
[EventRounds "7"]
[EventCountry "DEN"]
[SourceTitle "EXT 2023"]
[Source "ChessBase"]
[SourceDate "2022.10.05"]
[SourceVersion "1"]
[SourceVersionDate "2022.10.05"]
[SourceQuality "1"]
[WhiteTeam "Norresundby"]
[BlackTeam "Copenhagen 68"]
[WhiteTeamCountry "DEN"]
[BlackTeamCountry "DEN"]

1. g3 e5 2. Bg2 Nc6 3. d3 g6 4. Nf3 Bg7 5. c4 d6 6. Nc3 f5 7. 0-0 h6 8. Nd5 Nf6 9. Rb1 a5 10. a3 0-0 11. b4 axb4 12. axb4 Nxd5 13. cxd5 Na7 14. Bb2 Nb5 15. Qb3 Qe7 16. Ra1 Rxa1 17. Bxa1 Bd7 18. Bb2 g5 19. Nd2 h5 20. Nc4 h4 21. Na5 hxg3 22. hxg3 f4 23. Nxb7 g4 24. Be4 Bh6 25. Nc5 fxg3 26. Nxd7 Qh4 0-1

[Event "DEN-chT 0102"]
[Site "Denmark"]
[Date "2001.11.18"]
[Round "2.6"]
[White "Sobjerg, Erik"]
[Black "Larsen, Peter"]
[Result "1-0"]
[WhiteElo "2251"]
[BlackElo "2277"]
[PlyCount "53"]
[EventDate "2001.11.04"]
[EventType "team-tourn"]
[EventRounds "7"]
[EventCountry "DEN"]
[SourceTitle "EXT 2023"]
[Source "ChessBase"]
[SourceDate "2022.10.05"]
[SourceVersion "1"]
[SourceVersionDate "2022.10.05"]
[SourceQuality "1"]
[WhiteTeam "Copenhagen 68"]
[BlackTeam "Sydkysten"]
[WhiteTeamCountry "DEN"]
[BlackTeamCountry "DEN"]

1. e4 c5 2. Nf3 e6 3. Nc3 Nc6 4. d4 cxd4 5. Nxd4 Nf6 6. Bf4 Bb4 7. Ndb5 Nxe4 8. Nc7+ Kf8 9. Qf3 Nxc3 10. bxc3 Qf6 11. Rb1 Bxc3+ 12. Kd1 e5 13. Nxa8 exf4 14. Nc7 Qe5 15. Be2 Ba5 16. Nd5 Nd4 17. Qa3+ d6 18. Bc4 b6 19. c3 Bf5 20. Qxa5 Qe4 21. Rb2 Nc6 22. Qa3 h5 23. Qxd6+ Kg8 24. Qxc6 Rh6 25. Nf6+ Rxf6 26. Qxe4 Bxe4 27. f3 1-0